|
|
|
|
| LEADER |
02572nam a22004935i 4500 |
| 001 |
978-3-642-10976-8 |
| 003 |
DE-He213 |
| 005 |
20151123131224.0 |
| 007 |
cr nn 008mamaa |
| 008 |
110603s2011 gw | s |||| 0|eng d |
| 020 |
|
|
|a 9783642109768
|9 978-3-642-10976-8
|
| 024 |
7 |
|
|a 10.1007/978-3-642-10976-8
|2 doi
|
| 040 |
|
|
|d GrThAP
|
| 050 |
|
4 |
|a QA372
|
| 072 |
|
7 |
|a PBKJ
|2 bicssc
|
| 072 |
|
7 |
|a MAT007000
|2 bisacsh
|
| 082 |
0 |
4 |
|a 515.352
|2 23
|
| 245 |
1 |
0 |
|a Non-Linear Mechanics
|h [electronic resource] /
|c edited by Dario Graffi.
|
| 264 |
|
1 |
|a Berlin, Heidelberg :
|b Springer Berlin Heidelberg,
|c 2011.
|
| 300 |
|
|
|a IV, 396 p. 9 illus.
|b online resource.
|
| 336 |
|
|
|a text
|b txt
|2 rdacontent
|
| 337 |
|
|
|a computer
|b c
|2 rdamedia
|
| 338 |
|
|
|a online resource
|b cr
|2 rdacarrier
|
| 347 |
|
|
|a text file
|b PDF
|2 rda
|
| 490 |
1 |
|
|a C.I.M.E. Summer Schools ;
|v 59
|
| 505 |
0 |
|
|a L. Cesari: Non-linear analysis -- J.K. Hale: Oscillations in neutral functional differential equations -- M. Jean: Eléments de la théorie des équations différentielles avec commandes -- J. Mawhin: Un aperçu des recherches belges en théorie des equations différentielles ordinaires dans le champ réel entre 1967 et 1972 -- Yu A. Mitropol´skii: Certains aspects des progrès de la methode de centrage -- Th. Vogel: Quelques problèmes non linéaires en physique mathématique.
|
| 520 |
|
|
|a L. Cesari: Non-linear analysis.- J.K. Hale: Oscillations in neutral functional differential equations.- M. Jean: Eléments de la théorie des équations différentielles avec commandes.- J. Mawhin: Un aperçu des recherches belges en théorie des equations différentielles ordinaires dans le champ réel entre 1967 et 1972.- Yu A. Mitropol´skii: Certains aspects des progrès de la methode de centrage.- Th. Vogel: Quelques problèmes non linéaires en physique mathématique.
|
| 650 |
|
0 |
|a Mathematics.
|
| 650 |
|
0 |
|a Differential equations.
|
| 650 |
|
0 |
|a Physics.
|
| 650 |
|
0 |
|a Mechanics.
|
| 650 |
|
0 |
|a Mechanics, Applied.
|
| 650 |
1 |
4 |
|a Mathematics.
|
| 650 |
2 |
4 |
|a Ordinary Differential Equations.
|
| 650 |
2 |
4 |
|a Theoretical and Applied Mechanics.
|
| 650 |
2 |
4 |
|a Theoretical, Mathematical and Computational Physics.
|
| 700 |
1 |
|
|a Graffi, Dario.
|e editor.
|
| 710 |
2 |
|
|a SpringerLink (Online service)
|
| 773 |
0 |
|
|t Springer eBooks
|
| 776 |
0 |
8 |
|i Printed edition:
|z 9783642109751
|
| 830 |
|
0 |
|a C.I.M.E. Summer Schools ;
|v 59
|
| 856 |
4 |
0 |
|u http://dx.doi.org/10.1007/978-3-642-10976-8
|z Full Text via HEAL-Link
|
| 912 |
|
|
|a ZDB-2-SMA
|
| 950 |
|
|
|a Mathematics and Statistics (Springer-11649)
|